00602nam a22001817a 450000500170000001000150001702000260003203500140005803700090007208200120008110000290009324500540012225000060017626000420018227001140022430000200033850000620035820240925144125.0 aENG-141762 a9789359648361c250.00 aEN-125294 bDBAD a615.538 aChowdhury, Biswaroop Roy aThe Circadian Doctor/cBy Biswaroop Roy Chowdhury a1 aNew DelhibDiamond Pocket Booksc2024 aX- 30, Okhla Industrial Area, Phase-IIbNew Delhie110020mwecare@diamondbooks.ink011-40712100k011-41611861 a186p.c22cm(pb) aCircadian Clock & Ayurvedic Panchkarma Certificate Course